00310nam a2200121Ia 4500008004100000041000800041082001400049100002000063245002600083260004100109300003100150365000700181240624s9999 xx 000 0 und d aeng a658.5 SCH aSCHAFFER ROBERT aMANAGING PRODUCTIVITY c2003aMumbaibJaico Publishing House axii, : 371 : p. : cm. ; 24 cRS